000 00615nam a2200145Ia 4500
008 100204s9999 xx 000 0 und d
082 _b15276
100 _aमांडरे सुर्यकांत
245 _aकालाय तस्मै नम: अवचट काकासाहेब
260 _b"सौभाग्य प्रकाशन , पुणे"
_c1991
300 _a264
630 _aकालाय तस्मै नम: अवचट काकासाहेब
730 _aकालाय तस्मै नम: अवचट काकासाहेब
942 _cBOOK
999 _c459707
_d459704